[Event "Titled Tuesday intern op 23rd Apr Late"]
[Site "Chess.com INT"]
[Date "2024.04.23"]
[Round "2"]
[White "Eggleston, Thomas"]
[Black "Dragomirescu, Robin Alexandru"]
[Result "0-1"]
[WhiteElo "2188"]
[BlackElo "2347"]
[PlyCount "36"]
[EventDate "2024.04.23"]
[EventType "swiss (blitz)"]
[EventRounds "11"]
[EventCountry "USA"]
[SourceTitle "CB18_2024"]
[SourceDate "2024.05.01"]
[SourceVersion "1"]
[SourceVersionDate "2024.05.01"]
[SourceQuality "2"]

1. e4 Nc6 2. d4 d5 3. e5 Bf5 4. c3 f6 5. Nf3 fxe5 6. dxe5 e6 7. Bb5 Nge7 8. Nd4 Qd7 9. 0-0 h6 10. Bxc6 bxc6 11. Nxf5 Nxf5 12. Nd2 Bc5 13. Nb3 Bb6 14. a4 a5 15. Qg4 0-0 16. c4 dxc4 17. Qxc4 Qd5 18. Qc2 Nh4 0-1

[Event "Titled Tuesday intern op 16th Apr Early"]
[Site "Chess.com INT"]
[Date "2024.04.16"]
[Round "1"]
[White "Dragomirescu, Robin Alexandru"]
[Black "Acikel, Mert"]
[Result "1-0"]
[WhiteElo "2347"]
[BlackElo "2244"]
[PlyCount "67"]
[EventDate "2024.04.16"]
[EventType "swiss (blitz)"]
[EventRounds "11"]
[EventCountry "USA"]
[SourceTitle "CB17_2024"]
[SourceDate "2024.04.24"]
[SourceVersion "1"]
[SourceVersionDate "2024.04.24"]
[SourceQuality "1"]

1. b3 d5 2. Bb2 Nf6 3. Nf3 e6 4. e3 Be7 5. c4 0-0 6. Nc3 c5 7. cxd5 exd5 8. d4 Nc6 9. Be2 Ne4 10. 0-0 Bf6 11. Na4 Bg4 12. dxc5 Bxb2 13. Nxb2 Nc3 14. Qd2 Nxe2+ 15. Qxe2 Ne5 16. Nd3 Nxf3+ 17. gxf3 Bh3 18. Nf4 Bxf1 19. Rxf1 Rc8 20. b4 Re8 21. Rd1 Qg5+ 22. Ng2 a6 23. h4 Qe5 24. Qd2 Red8 25. Nf4 Qf6 26. h5 h6 27. Kf1 Qe5 28. Nxd5 Rd7 29. Nf6+ Qxf6 30. Qxd7 Rc6 31. Qd8+ Qxd8 32. Rxd8+ Kh7 33. Rd7 b6 34. Rd6 1-0

[Event "Titled Tuesday intern op 16th Apr Early"]
[Site "Chess.com INT"]
[Date "2024.04.16"]
[Round "3"]
[White "Koridze, Lile"]
[Black "Dragomirescu, Robin Alexandru"]
[Result "1-0"]
[WhiteElo "2121"]
[BlackElo "2347"]
[PlyCount "65"]
[EventDate "2024.04.16"]
[EventType "swiss (blitz)"]
[EventRounds "11"]
[EventCountry "USA"]
[SourceTitle "CB17_2024"]
[SourceDate "2024.04.24"]
[SourceVersion "1"]
[SourceVersionDate "2024.04.24"]
[SourceQuality "1"]

1. d4 Nf6 2. c4 g6 3. Nc3 Bg7 4. e4 0-0 5. Nf3 d6 6. Be2 e5 7. 0-0 Nh5 8. d5 Nf4 9. Bxf4 exf4 10. Qd2 g5 11. h3 Nd7 12. Nd4 Ne5 13. Nf5 Bxf5 14. exf5 f3 15. Bd3 fxg2 16. Kxg2 g4 17. hxg4 Qh4 18. Be2 Bh6 19. Qd1 Bf4 20. Rh1 Qg5 21. Ne4 Qg7 22. Rh5 f6 23. f3 Kf7 24. Qb3 b6 25. Rah1 h6 26. Nc3 Rae8 27. Qc2 Rg8 28. Nb5 Re7 29. Nd4 a5 30. Ne6 Rxe6 31. dxe6+ Ke7 32. Qe4 Bd2 33. Qb7 1-0

[Event "Titled Tuesday intern op 13th Feb Early"]
[Site "Chess.com INT"]
[Date "2024.02.13"]
[Round "1"]
[White "Amigo Quintana, Antu"]
[Black "Dragomirescu, Robin Alexandru"]
[Result "1/2-1/2"]
[WhiteElo "2040"]
[BlackElo "2347"]
[PlyCount "128"]
[EventDate "2024.02.13"]
[EventType "swiss (blitz)"]
[EventRounds "11"]
[EventCountry "USA"]
[SourceTitle "CB08_2024"]
[SourceDate "2024.02.21"]
[SourceVersion "1"]
[SourceVersionDate "2024.02.21"]
[SourceQuality "1"]

1. d4 Nf6 2. c4 e6 3. Nf3 Be7 4. g3 0-0 5. Bg2 b6 6. 0-0 Bb7 7. Nc3 Ne4 8. Qc2 Nxc3 9. Qxc3 d6 10. Qd3 Nd7 11. Ng5 Bxg5 12. Bxb7 Rb8 13. Bc6 Bxc1 14. Raxc1 Nf6 15. Rfe1 e5 16. b4 Qe7 17. dxe5 dxe5 18. Red1 Rfd8 19. Qc3 g6 20. a4 Kg7 21. h4 Rd6 22. b5 Rbd8 23. Rxd6 Qxd6 24. c5 Qd4 25. cxb6 cxb6 26. e3 Qxc3 27. Rxc3 Rd2 28. Bf3 e4 29. Bg2 Ng4 30. Bxe4 Nxf2 31. Bg2 Ng4 32. Bf3 Ne5 33. Be4 Ra2 34. Rc7 Rxa4 35. Bd5 Kf6 36. e4 Rb4 37. Rxa7 Rxb5 38. g4 h6 39. Kg2 Rb2+ 40. Kg3 b5 41. Ra6+ Kg7 42. Kf4 Nd3+ 43. Ke3 Ne5 44. Kf4 f6 45. Ra7+ Kf8 46. Ra8+ Ke7 47. Ra7+ Kd6 48. Ra6+ Ke7 49. Ra7+ Nd7 50. Bc6 Rd2 51. Bxb5 Ke6 52. Bc4+ Ke7 53. Bb5 Ke6 54. Bxd7+ Rxd7 55. Rxd7 Kxd7 56. e5 Ke6 57. exf6 Kxf6 58. g5+ hxg5+ 59. hxg5+ Kf7 60. Ke5 Ke7 61. Kd5 Kd7 62. Ke5 Ke7 63. Kd5 Kd7 64. Ke5 Ke7 1/2-1/2

[Event "Titled Tuesday intern op 13th Feb Late"]
[Site "Chess.com INT"]
[Date "2024.02.13"]
[Round "4"]
[White "Bardyk, Artem"]
[Black "Dragomirescu, Robin Alexandru"]
[Result "1-0"]
[WhiteElo "2192"]
[BlackElo "2347"]
[PlyCount "69"]
[EventDate "2024.02.13"]
[EventType "swiss (blitz)"]
[EventRounds "11"]
[EventCountry "USA"]
[SourceTitle "CB08_2024"]
[SourceDate "2024.02.21"]
[SourceVersion "1"]
[SourceVersionDate "2024.02.21"]
[SourceQuality "1"]

1. e4 b6 2. d4 Bb7 3. Nc3 e6 4. Bd3 g6 5. h4 Bg7 6. Bg5 Ne7 7. e5 h6 8. Bxe7 Qxe7 9. Be4 Bxe4 10. Nxe4 Qb4+ 11. c3 Qxb2 12. Nf3 Nc6 13. 0-0 0-0 14. a4 Na5 15. h5 Qb3 16. Qd3 Qc4 17. Qe3 Qd5 18. Nfd2 Nc4 19. Nxc4 Qxc4 20. a5 b5 21. a6 Rab8 22. Rfb1 b4 23. Ra4 Rb5 24. cxb4 Rfb8 25. Rc1 Qd5 26. Nc3 Qb3 27. Nxb5 Qxa4 28. Nxc7 Qxb4 29. hxg6 fxg6 30. Qd3 Kh7 31. d5 Qf4 32. Re1 Rb2 33. Qe3 Bxe5 34. Qxf4 Bxf4 35. Ne8 1-0

[Event "Titled Tuesday intern op 13th Feb Late"]
[Site "Chess.com INT"]
[Date "2024.02.13"]
[Round "2"]
[White "Dragomirescu, Robin Alexandru"]
[Black "Anton Guijarro, David"]
[Result "0-1"]
[WhiteElo "2347"]
[BlackElo "2672"]
[PlyCount "92"]
[EventDate "2024.02.13"]
[EventType "swiss (blitz)"]
[EventRounds "11"]
[EventCountry "USA"]
[SourceTitle "CB08_2024"]
[SourceDate "2024.02.21"]
[SourceVersion "1"]
[SourceVersionDate "2024.02.21"]
[SourceQuality "1"]

1. b3 d5 2. Bb2 Bf5 3. Nf3 f6 4. d4 g5 5. c4 e6 6. e3 c6 7. Bd3 Nh6 8. Nc3 g4 9. Nh4 Bxd3 10. Qxd3 f5 11. g3 Be7 12. Ng2 Na6 13. a3 Bg5 14. h3 Qe7 15. Ne2 0-0-0 16. Ngf4 gxh3 17. Rxh3 Ng4 18. f3 Nf6 19. 0-0-0 Kb8 20. Kb1 Nc7 21. Rdh1 Qf7 22. Qc3 h5 23. Nd3 Rhg8 24. Nef4 h4 25. gxh4 Bh6 26. a4 Nh5 27. Ne5 Qe8 28. Nxh5 Qxh5 29. Ba3 Rg7 30. a5 Na6 31. cxd5 cxd5 32. Qd3 Rc7 33. R3h2 Bg7 34. f4 Ka8 35. Rg2 Bxe5 36. fxe5 Rdc8 37. Rc1 Rxc1+ 38. Bxc1 Nb4 39. Qb5 Qxh4 40. Qxb4 Qe4+ 41. Kb2 Qxg2+ 42. Bd2 Qe4 43. a6 Qc2+ 44. Ka3 bxa6 45. Qa5 Qb1 46. Kb4 Rb8+ 0-1

[Event "Titled Tuesday intern op 13th Feb Early"]
[Site "Chess.com INT"]
[Date "2024.02.13"]
[Round "3"]
[White "Dragomirescu, Robin Alexandru"]
[Black "Yuan, Qingyu"]
[Result "0-1"]
[WhiteElo "2347"]
[BlackElo "2360"]
[PlyCount "82"]
[EventDate "2024.02.13"]
[EventType "swiss (blitz)"]
[EventRounds "11"]
[EventCountry "USA"]
[SourceTitle "CB08_2024"]
[SourceDate "2024.02.21"]
[SourceVersion "1"]
[SourceVersionDate "2024.02.21"]
[SourceQuality "1"]

1. b3 d5 2. Bb2 c5 3. e3 Nf6 4. Bb5+ Nbd7 5. Nf3 g6 6. d4 cxd4 7. Qxd4 Bg7 8. Nc3 0-0 9. 0-0-0 Ne4 10. Qxg7+ Kxg7 11. Nxe4+ Nf6 12. Nxf6 exf6 13. Rd2 Be6 14. Rhd1 Qa5 15. a4 a6 16. Be2 b5 17. axb5 axb5 18. Nd4 b4 19. g4 h6 20. h4 g5 21. f4 gxh4 22. g5 hxg5 23. fxg5 Rg8 24. Nc6 Qc7 25. Bxf6+ Kf8 26. Nxb4 Rxg5 27. Kb2 Rf5 28. Bd4 Qa5 29. Nd3 Qa2+ 30. Kc1 h3 31. Rh1 Rg5 32. Nf4 Qa3+ 33. Bb2 Qc5 34. Nxh3 Rg8 35. Nf4 Qxe3 36. Nxe6+ fxe6 37. Rf1+ Ke8 38. Bd3 Rg2 39. Rfd1 Ke7 40. Bc3 Rxd2 41. Kb2 Rxd1 0-1

[Event "Sebes GP op"]
[Site "Sebes"]
[Date "2023.11.05"]
[Round "8"]
[White "Cnejev, Vladimir Alexandru"]
[Black "Dragomirescu, Robin Alexandru"]
[Result "1-0"]
[WhiteElo "2313"]
[BlackElo "2343"]
[PlyCount "111"]
[EventDate "2023.11.04"]
[EventType "swiss"]
[EventRounds "10"]
[EventCountry "ROU"]
[SourceTitle "CB46_2023"]
[SourceDate "2023.11.15"]
[SourceVersion "1"]
[SourceVersionDate "2023.11.15"]
[SourceQuality "1"]

1. e4 Nc6 2. Nf3 d6 3. d4 Nf6 4. Nbd2 g6 5. c3 Bg7 6. Bd3 0-0 7. 0-0 e5 8. dxe5 Nxe5 9. Nxe5 dxe5 10. Nc4 Qe7 11. Qc2 Nh5 12. Re1 Nf4 13. Bf1 h5 14. Be3 Be6 15. b4 b6 16. a4 Rfd8 17. a5 h4 18. f3 Qf6 19. Nb2 Bh6 20. Qf2 Kg7 21. Red1 Bg5 22. Nd3 Rab8 23. axb6 axb6 24. Rd2 Ra8 25. Rxa8 Rxa8 26. Nxe5 Nh3+ 27. gxh3 Bxe3 28. Qxe3 Qxe5 29. f4 Qf6 30. Kf2 Ra3 31. Rc2 c5 32. bxc5 bxc5 33. Kg2 Ra1 34. Rf2 Ra3 35. Rc2 Ra1 36. Rf2 Qe7 37. Qd2 Qb7 38. Qe3 Ra4 39. Bd3 Bf5 40. Re2 Qc6 41. Qf3 Be6 42. Re1 Ra3 43. Bb1 Qb7 44. Kg1 Qb2 45. f5 Rxc3 46. Qf4 Bc4 47. f6+ Kh7 48. Qxh4+ Kg8 49. Qh6 Rg3+ 50. hxg3 Qxf6 51. Qf4 Qd4+ 52. Qe3 Qe5 53. Bd3 Be6 54. Bf1 Kg7 55. Rc1 c4 56. Qc3 1-0

[Event "Sebes GP op"]
[Site "Sebes"]
[Date "2023.11.05"]
[Round "7"]
[White "Dragomirescu, Robin Alexandru"]
[Black "Bulau, Andrei Cristian"]
[Result "1/2-1/2"]
[WhiteElo "2343"]
[BlackElo "2172"]
[PlyCount "117"]
[EventDate "2023.11.04"]
[EventType "swiss"]
[EventRounds "10"]
[EventCountry "ROU"]
[SourceTitle "CB46_2023"]
[SourceDate "2023.11.15"]
[SourceVersion "1"]
[SourceVersionDate "2023.11.15"]
[SourceQuality "1"]

1. b3 d5 2. Bb2 e6 3. e3 Nf6 4. Nf3 Nbd7 5. c4 Bd6 6. Be2 b6 7. cxd5 exd5 8. 0-0 0-0 9. a4 Bb7 10. a5 c5 11. a6 Bc6 12. Nc3 Rc8 13. d4 Re8 14. Bb5 Bxb5 15. Nxb5 Bb8 16. Rc1 Qe7 17. g3 Qe6 18. Kg2 Qc6 19. Nc3 c4 20. bxc4 Qxc4 21. Qa4 Qxa4 22. Nxa4 Bd6 23. Nc3 Bb8 24. Nb5 Ne4 25. Ba3 Nf8 26. Ne5 Nd2 27. Rfd1 Nb3 28. Rxc8 Rxc8 29. Bxf8 Kxf8 30. Nd7+ Ke7 31. Nxb8 Rxb8 32. Kf3 Kd7 33. Kf4 f6 34. h4 Na5 35. Rc1 Nc4 36. e4 Nd6 37. Nxa7 Ra8 38. Nc6 Nxe4 39. f3 Nc5 40. Nb4 Nxa6 41. Nxd5 Rb8 42. Ra1 Kc6 43. Ne7+ Kb7 44. h5 Nb4 45. Nf5 g6 46. hxg6 hxg6 47. Ne7 Rd8 48. Rd1 Nd5+ 49. Nxd5 Rxd5 50. Ke4 Rb5 51. Rh1 Rh5 52. Rxh5 gxh5 53. Kd5 Kc7 54. Ke6 b5 55. Ke7 Kc6 56. Ke6 Kc7 57. Ke7 Kc6 58. Ke6 Kc7 59. Ke7 1/2-1/2

[Event "Sebes GP op"]
[Site "Sebes"]
[Date "2023.11.05"]
[Round "9"]
[White "Dragomirescu, Robin Alexandru"]
[Black "Korcsek, Alexandru David"]
[Result "1-0"]
[WhiteElo "2343"]
[BlackElo "1976"]
[PlyCount "53"]
[EventDate "2023.11.04"]
[EventType "swiss"]
[EventRounds "10"]
[EventCountry "ROU"]
[SourceTitle "CB46_2023"]
[SourceDate "2023.11.15"]
[SourceVersion "1"]
[SourceVersionDate "2023.11.15"]
[SourceQuality "1"]

1. b3 c5 2. e4 e6 3. Nf3 d5 4. Bb5+ Bd7 5. Bxd7+ Nxd7 6. exd5 exd5 7. 0-0 Ngf6 8. Re1+ Be7 9. Qe2 Nf8 10. d4 Ne6 11. dxc5 0-0 12. b4 a5 13. Ng5 Ne4 14. Nxe4 dxe4 15. Rd1 Qc7 16. Nc3 Bf6 17. Nd5 Qe5 18. Nxf6+ Qxf6 19. Be3 axb4 20. Qc4 Qc3 21. Qxc3 bxc3 22. Rd7 Rfd8 23. Rxd8+ Rxd8 24. Rb1 Nd4 25. Bxd4 Rxd4 26. c6 Rd8 27. c7 1-0

[Event "Titled Tuesday intern op 05th Sep Late"]
[Site "Chess.com INT"]
[Date "2023.09.05"]
[Round "4"]
[White "Dragomirescu, Robin Alexandru"]
[Black "Zozik, Salah Mohammed"]
[Result "1/2-1/2"]
[WhiteElo "2343"]
[BlackElo "2210"]
[PlyCount "171"]
[EventDate "2023.09.05"]
[EventType "swiss (blitz)"]
[EventRounds "11"]
[EventCountry "USA"]
[SourceTitle "EXT 2024"]
[Source "ChessBase"]
[SourceDate "2023.10.10"]
[SourceVersion "1"]
[SourceVersionDate "2023.10.10"]
[SourceQuality "1"]

1. b3 a5 2. Bb2 a4 3. e4 e6 4. Nf3 a3 5. Bc3 c5 6. g3 Nf6 7. Qe2 Nc6 8. Bg2 Be7 9. 0-0 0-0 10. d3 b5 11. Re1 Bb7 12. Nbd2 b4 13. Bxf6 Bxf6 14. e5 Be7 15. Nc4 d5 16. exd6 Bxd6 17. Qe3 Be7 18. Nfe5 Nxe5 19. Nxe5 Bxg2 20. Kxg2 Qd5+ 21. Qe4 Bf6 22. Qxd5 exd5 23. Rad1 Bxe5 24. Rxe5 Rad8 25. Rde1 Rd7 26. f4 g6 27. Re7 Rxe7 28. Rxe7 Rc8 29. Rb7 c4 30. dxc4 dxc4 31. Rxb4 cxb3 32. cxb3 Rc2+ 33. Kf3 Rxh2 34. Ra4 Rxa2 35. b4 h5 36. b5 Rb2 37. Rxa3 Rxb5 38. Rd3 Kg7 39. Re3 Ra5 40. Rd3 Ra1 41. Re3 Rh1 42. Kg2 Rd1 43. Kf3 Kh6 44. Rc3 Ra1 45. Re3 Rh1 46. Rd3 Ra1 47. Rd5 Ra3+ 48. Kg2 Kg7 49. Re5 Rb3 50. Rd5 Kf6 51. Re5 Rd3 52. Rc5 Ke6 53. Re5+ Kf6 54. Rc5 Re3 55. Rd5 Ra3 56. Rc5 Kg7 57. Rd5 Kh6 58. Re5 f5 59. Re8 Kh7 60. Re7+ Kh6 61. Rd7 h4 62. gxh4 Kh5 63. Rh7+ Kg4 64. Rg7 Ra2+ 65. Kf1 Kf3 66. Ke1 Kxf4 67. Rxg6 Ke3 68. h5 f4 69. Re6+ Kf3 70. h6 Ra1+ 71. Kd2 Rh1 72. Rg6 Kf2 73. Kd3 f3 74. Ke4 Ke2 75. Ra6 Rh4+ 76. Kf5 f2 77. Ra2+ Ke3 78. Rxf2 Kxf2 79. Kg5 Kg3 80. Kg6 Kf4 81. h7 Rg4+ 82. Kf7 Rh4 83. Kg8 Rg4+ 84. Kf7 Rh4 85. Kg8 Rg4+ 86. Kf7 1/2-1/2

[Event "Titled Tuesday intern op 29th Aug Late"]
[Site "Chess.com INT"]
[Date "2023.08.29"]
[Round "2"]
[White "Dragomirescu, Robin Alexandru"]
[Black "Oparin, Grigoriy"]
[Result "1/2-1/2"]
[WhiteElo "2341"]
[BlackElo "2681"]
[PlyCount "116"]
[EventDate "2023.08.29"]
[EventType "swiss (blitz)"]
[EventRounds "11"]
[EventCountry "USA"]
[SourceTitle "EXT 2024"]
[Source "ChessBase"]
[SourceDate "2023.10.10"]
[SourceVersion "1"]
[SourceVersionDate "2023.10.10"]
[SourceQuality "1"]

1. b3 e5 2. Bb2 Nc6 3. e3 d5 4. Bb5 Bd6 5. f4 Qe7 6. Nf3 e4 7. Bxg7 exf3 8. Qxf3 f6 9. Qh5+ Qf7 10. Qxf7+ Kxf7 11. Bxh8 Bf5 12. Nc3 Nb4 13. 0-0 Ne7 14. Bxf6 Kxf6 15. Be2 d4 16. Nb5 dxe3 17. Nxd6 cxd6 18. dxe3 Nxc2 19. Rac1 Nxe3 20. Rfe1 d5 21. Bf3 d4 22. Bxb7 Rd8 23. Bf3 N7d5 24. Bxd5 Rxd5 25. h3 h5 26. Kf2 h4 27. Rc6+ Be6 28. Ra6 Rd7 29. Rxe3 dxe3+ 30. Kxe3 Kf7 31. b4 Rc7 32. a4 Bd5 33. Rh6 Rc4 34. Rxh4 Kg7 35. Rh5 Bc6 36. b5 Bb7 37. a5 Kf6 38. Rh7 Bxg2 39. Rxa7 Re4+ 40. Kd3 Rxf4 41. b6 Rb4 42. Rc7 Ke6 43. Kc3 Rb1 44. h4 Kd6 45. h5 Be4 46. h6 Rh1 47. Kd4 Bc6 48. a6 Rxh6 49. a7 Rh8 50. Kc4 Rh4+ 51. Kc3 Ra4 52. Kb3 Ra1 53. Rc8 Ra6 54. Rb8 Kc5 55. Kc3 Kb5 56. Kd4 Rxb6 57. Rxb6+ Kxb6 58. a8Q Bxa8 1/2-1/2

[Event "Titled Tuesday intern op 22nd Aug Late"]
[Site "Chess.com INT"]
[Date "2023.08.22"]
[Round "1"]
[White "Dragomirescu, Robin Alexandru"]
[Black "Clarke, Matthew"]
[Result "1-0"]
[WhiteElo "2341"]
[BlackElo "2127"]
[PlyCount "35"]
[EventDate "2023.08.22"]
[EventType "swiss (blitz)"]
[EventRounds "11"]
[EventCountry "USA"]
[SourceTitle "EXT 2024"]
[Source "ChessBase"]
[SourceDate "2023.10.10"]
[SourceVersion "1"]
[SourceVersionDate "2023.10.10"]
[SourceQuality "1"]

1. c4 e6 2. Nf3 d5 3. d4 Nf6 4. Nc3 Be7 5. Bf4 0-0 6. e3 Nbd7 7. h3 c6 8. Qc2 h6 9. Rd1 Qa5 10. a3 dxc4 11. Bxc4 b5 12. Bd3 Nd5 13. 0-0 Nxf4 14. exf4 Nf6 15. f5 a6 16. Ne5 Qb6 17. Ne4 Nxe4 18. Bxe4 1-0

[Event "Titled Tuesday intern op 15th Aug Late"]
[Site "Chess.com INT"]
[Date "2023.08.15"]
[Round "2"]
[White "Dragomirescu, Robin Alexandru"]
[Black "Kim, Yoon Young"]
[Result "1-0"]
[WhiteElo "2341"]
[BlackElo "2304"]
[PlyCount "101"]
[EventDate "2023.08.15"]
[EventType "swiss (blitz)"]
[EventRounds "11"]
[EventCountry "USA"]
[SourceTitle "EXT 2024"]
[Source "ChessBase"]
[SourceDate "2023.10.10"]
[SourceVersion "1"]
[SourceVersionDate "2023.10.10"]
[SourceQuality "1"]

1. b3 d5 2. Bb2 Bf5 3. e3 e6 4. Nf3 Nf6 5. d3 Be7 6. Nbd2 h6 7. Qe2 Bh7 8. e4 c5 9. g3 Nc6 10. Bg2 0-0 11. 0-0 a5 12. e5 Nd7 13. Rfe1 a4 14. Nf1 b5 15. h4 Qc7 16. h5 Rfc8 17. Ne3 Nb4 18. Ng4 Bf8 19. a3 Nc6 20. bxa4 Rxa4 21. Bh3 c4 22. Qe3 Rca8 23. dxc4 bxc4 24. Nd4 Rb8 25. Bc3 Rxa3 26. Rxa3 Bxa3 27. Nxh6+ gxh6 28. Qxh6 Nxd4 29. Bxd4 Bf8 30. Qg5+ Kh8 31. Qf4 Qd8 32. Qxf7 Qe7 33. Qxe7 Bxe7 34. Bxe6 Nb6 35. Bxb6 Rxb6 36. Bxd5 c3 37. Bb3 Bc5 38. Rd1 Kg7 39. Kf1 Bf5 40. Ke2 Bg4+ 41. f3 Bxh5 42. Rd3 Bb4 43. g4 Bg6 44. Rd7+ Kh6 45. f4 Be4 46. Ke3 Bg6 47. f5 Bc5+ 48. Kf4 Be8 49. g5+ Kh5 50. Rh7+ Rh6 51. Rxh6# 1-0

[Event "Titled Tuesday intern op 15th Aug Late"]
[Site "Chess.com INT"]
[Date "2023.08.15"]
[Round "8"]
[White "Leiva Rodriguez, Jeammarco Giuseppe"]
[Black "Dragomirescu, Robin Alexandru"]
[Result "1-0"]
[WhiteElo "2380"]
[BlackElo "2341"]
[PlyCount "49"]
[EventDate "2023.08.15"]
[EventType "swiss (blitz)"]
[EventRounds "11"]
[EventCountry "USA"]
[SourceTitle "EXT 2024"]
[Source "ChessBase"]
[SourceDate "2023.10.10"]
[SourceVersion "1"]
[SourceVersionDate "2023.10.10"]
[SourceQuality "1"]

1. e4 g6 2. d4 Nf6 3. e5 Nh5 4. Nc3 d6 5. Nf3 dxe5 6. Nxe5 Bg7 7. Be3 c5 8. Bb5+ Nd7 9. 0-0 0-0 10. Nxd7 Bxd7 11. Bxd7 Qxd7 12. dxc5 Qxd1 13. Rfxd1 Bxc3 14. bxc3 Nf6 15. Rab1 Rac8 16. Rxb7 Ng4 17. Bc1 Rxc5 18. h3 Nf6 19. Rxe7 a5 20. Bh6 Rfc8 21. Rd6 Nh5 22. Rdd7 f5 23. Rxh7 Rxc3 24. g4 fxg4 25. hxg4 1-0

[Event "Titled Tuesday intern op 15th Aug Late"]
[Site "Chess.com INT"]
[Date "2023.08.15"]
[Round "11"]
[White "Matinian, Nikita"]
[Black "Dragomirescu, Robin Alexandru"]
[Result "1-0"]
[WhiteElo "2421"]
[BlackElo "2341"]
[PlyCount "57"]
[EventDate "2023.08.15"]
[EventType "swiss (blitz)"]
[EventRounds "11"]
[EventCountry "USA"]
[SourceTitle "EXT 2024"]
[Source "ChessBase"]
[SourceDate "2023.10.10"]
[SourceVersion "1"]
[SourceVersionDate "2023.10.10"]
[SourceQuality "1"]

1. e4 g6 2. d4 Nf6 3. e5 Nh5 4. Be2 d6 5. Bxh5 gxh5 6. Qxh5 dxe5 7. Qxe5 Rg8 8. Ne2 Nc6 9. Qe4 f5 10. Qd3 Rxg2 11. Be3 e5 12. Nbc3 f4 13. 0-0-0 fxe3 14. Qe4 Qg5 15. f4 Qg6 16. Qxe3 Bg4 17. dxe5 Nb4 18. Rd2 Qb6 19. Qe4 Rf2 20. Rhd1 Rxe2 21. Rxe2 Bxe2 22. Qxe2 Rd8 23. a3 Rxd1+ 24. Qxd1 Qe3+ 25. Kb1 Nc6 26. Nd5 Qc5 27. Nxc7+ Ke7 28. Qh5 Nd4 29. Qe8# 1-0

[Event "Titled Tuesday intern op 08th Aug Late"]
[Site "Chess.com INT"]
[Date "2023.08.08"]
[Round "2"]
[White "Aradhya, Garg"]
[Black "Dragomirescu, Robin Alexandru"]
[Result "1/2-1/2"]
[WhiteElo "2395"]
[BlackElo "2341"]
[PlyCount "94"]
[EventDate "2023.08.08"]
[EventType "swiss (blitz)"]
[EventRounds "11"]
[EventCountry "USA"]
[SourceTitle "EXT 2024"]
[Source "ChessBase"]
[SourceDate "2023.10.10"]
[SourceVersion "1"]
[SourceVersionDate "2023.10.10"]
[SourceQuality "1"]

1. d4 d5 2. c4 Nc6 3. cxd5 Qxd5 4. Nf3 e5 5. Nc3 Bb4 6. Bd2 Bxc3 7. Bxc3 e4 8. Ne5 Nxe5 9. dxe5 Ne7 10. e3 Be6 11. Be2 Qxd1+ 12. Bxd1 Nd5 13. Bd2 f5 14. exf6 gxf6 15. Bh5+ Ke7 16. 0-0-0 f5 17. Be2 Rad8 18. h4 c5 19. b3 Rd6 20. Kb2 Rhd8 21. Be1 b6 22. h5 a5 23. h6 Nb4 24. Rxd6 Rxd6 25. f4 Nd3+ 26. Kc2 Nxe1+ 27. Rxe1 Kf6 28. Rh1 Kg6 29. Rh4 Bd7 30. a4 Be6 31. g3 Kf6 32. g4 fxg4 33. Bxg4 Rd3 34. Bxe6 Kxe6 35. Rh3 Rd5 36. Kc3 Rd1 37. Kc4 Rc1+ 38. Kb5 Rb1 39. Kxb6 c4 40. Kxa5 Rxb3 41. Rg3 c3 42. Rg2 Rb2 43. Rg8 Kd7 44. Rg5 Kd6 45. Rg8 Kd7 46. Rg7+ Kd6 47. Rg8 Kd7 1/2-1/2

[Event "Titled Tuesday intern op 08th Aug Late"]
[Site "Chess.com INT"]
[Date "2023.08.08"]
[Round "9"]
[White "Di Berardino, Diego Rafael"]
[Black "Dragomirescu, Robin Alexandru"]
[Result "1-0"]
[WhiteElo "2479"]
[BlackElo "2341"]
[PlyCount "139"]
[EventDate "2023.08.08"]
[EventType "swiss (blitz)"]
[EventRounds "11"]
[EventCountry "USA"]
[SourceTitle "EXT 2024"]
[Source "ChessBase"]
[SourceDate "2023.10.10"]
[SourceVersion "1"]
[SourceVersionDate "2023.10.10"]
[SourceQuality "1"]

1. d4 d5 2. c4 Nc6 3. Nf3 Bg4 4. cxd5 Bxf3 5. gxf3 Qxd5 6. e3 e5 7. Nc3 Bb4 8. Bd2 Bxc3 9. bxc3 Nf6 10. Be2 0-0 11. Qb3 Qxb3 12. axb3 exd4 13. cxd4 a5 14. Bb5 Nb4 15. Ke2 c6 16. Bd3 Rfd8 17. Rhc1 Nfd5 18. Be4 Ne7 19. Rc5 b6 20. Rc4 Nbd5 21. Bd3 g6 22. e4 Nf6 23. Be3 b5 24. Rc2 Ra6 25. Rca2 Rda8 26. d5 cxd5 27. Bxb5 Re6 28. Rxa5 Rxa5 29. Rxa5 dxe4 30. Bd4 exf3+ 31. Kxf3 Nf5 32. Bc3 Nd6 33. Bd3 Kf8 34. Ra8+ Ke7 35. Ra7+ Nd7 36. Bb4 Re5 37. Bc4 Rf5+ 38. Kg2 Rg5+ 39. Kf1 Rg4 40. Ra6 Rd4 41. Bxd6+ Rxd6 42. Rxd6 Kxd6 43. Bxf7 Ne5 44. Bg8 h5 45. Ke2 Kc5 46. h4 Kd4 47. f3 Nd7 48. Kf2 Nf6 49. Bf7 Kc3 50. Ke3 Kb4 51. Kf4 Nd7 52. Kg5 Ne5 53. Bd5 Kc5 54. Be4 Kb4 55. f4 Nd7 56. Bxg6 Kxb3 57. Bxh5 Kc4 58. Bf7+ Kd4 59. h5 Nf8 60. Bg6 Kd5 61. h6 Ke6 62. h7 Nxh7+ 63. Bxh7 Kf7 64. Be4 Kf8 65. f5 Kg7 66. f6+ Kf8 67. Bd5 Ke8 68. Kg6 Kf8 69. Bc4 Ke8 70. Kg7 1-0

[Event "Titled Tuesday intern op 08th Aug Late"]
[Site "Chess.com INT"]
[Date "2023.08.08"]
[Round "3"]
[White "Dragomirescu, Robin Alexandru"]
[Black "Hua, Lefong"]
[Result "1/2-1/2"]
[WhiteElo "2341"]
[BlackElo "2305"]
[PlyCount "67"]
[EventDate "2023.08.08"]
[EventType "swiss (blitz)"]
[EventRounds "11"]
[EventCountry "USA"]
[SourceTitle "EXT 2024"]
[Source "ChessBase"]
[SourceDate "2023.10.10"]
[SourceVersion "1"]
[SourceVersionDate "2023.10.10"]
[SourceQuality "1"]

1. b3 Nf6 2. Bb2 g6 3. Bxf6 exf6 4. c4 b6 5. Nc3 Bg7 6. d4 0-0 7. g3 Bb7 8. d5 f5 9. Rc1 d6 10. Bg2 Nd7 11. Nf3 Re8 12. 0-0 Nf6 13. Nd4 Ne4 14. e3 Nxc3 15. Rxc3 h5 16. h4 Qf6 17. Rd3 Re7 18. b4 a5 19. a3 axb4 20. axb4 Ree8 21. Qc2 Qe7 22. Rc1 Ra6 23. c5 bxc5 24. bxc5 Rea8 25. cxd6 cxd6 26. Qc7 Qxc7 27. Rxc7 Ra1+ 28. Kh2 Ba6 29. Rd2 Bxd4 30. Rxd4 Ra2 31. Kg1 Ra1+ 32. Kh2 Ra2 33. Kg1 Ra1+ 34. Kh2 1/2-1/2

[Event "Titled Tuesday intern op 08th Aug Late"]
[Site "Chess.com INT"]
[Date "2023.08.08"]
[Round "8"]
[White "Dragomirescu, Robin Alexandru"]
[Black "Ugarte Soto, Cesar"]
[Result "1-0"]
[WhiteElo "2341"]
[BlackElo "2088"]
[PlyCount "21"]
[EventDate "2023.08.08"]
[EventType "swiss (blitz)"]
[EventRounds "11"]
[EventCountry "USA"]
[SourceTitle "EXT 2024"]
[Source "ChessBase"]
[SourceDate "2023.10.10"]
[SourceVersion "1"]
[SourceVersionDate "2023.10.10"]
[SourceQuality "1"]

1. b3 e5 2. Bb2 Nc6 3. e3 d6 4. Nf3 Nge7 5. d4 f6 6. c4 Ng6 7. Nc3 Be7 8. h4 0-0 9. h5 exd4 10. hxg6 dxc3 11. Qd5+ 1-0